Eurovision 2026 Finalists - Statistics

General Stats
  • This quiz has been taken 50 times
  • The average score is 5 of 5
Answer Stats
Country % Correct
United Kingdom
100%
France
98%
Germany
98%
Austria
95%
Italy
95%
No matching quizzes found
Score Distribution
Percent of People with Each Score
Percentile by Number Answered
Your Score History
You have not taken this quiz